Loading...
| Fine Arts - Classical Music | 0 | 4 | 1 | 0 | 35 | 77 | 98.25 | 1 | 1 | 7.12 | 16.38 |
| History - World | 0 | 3 | 0 | 1 | 30 | 108 | 125.67 | 0 | 0 | 1.78 | 9.38 |
| History - Other | 0 | 2 | 0 | 1 | 20 | 128 | 131.50 | 0 | 0 | -0.05 | 2.25 |
| Mythology | 0 | 2 | 0 | 0 | 20 | 101 | 122.00 | 0 | 0 | 3.61 | 12.69 |
| History - American | 0 | 2 | 0 | 0 | 20 | 102 | 108.00 | 0 | 0 | 2.45 | 6.47 |
| Current Events | 0 | 2 | 1 | 0 | 15 | 92 | 105.50 | 0 | 1 | 4.02 | 14.63 |
| Science - Other | 0 | 3 | 3 | 1 | 15 | 107 | 123.67 | 0 | 0 | 1.73 | 7.03 |
| Literature - World | 0 | 1 | 0 | 0 | 10 | 158 | 158.00 | 0 | 0 | 0.15 | 1.04 |
| Geography | 0 | 1 | 0 | 0 | 10 | 135 | 135.00 | 0 | 0 | 0.31 | 5.95 |
| Social Science | 0 | 1 | 0 | 0 | 10 | 82 | 82.00 | 0 | 0 | 2.25 | 5.00 |
| Science - Biology | 0 | 1 | 1 | 0 | 5 | 120 | 120.00 | 0 | 1 | 1.32 | 5.31 |
| Fine Arts - Other | 0 | 1 | 1 | 0 | 5 | 89 | 89.00 | 0 | 1 | 2.25 | 5.94 |
| Religion | 0 | 1 | 1 | 0 | 5 | 106 | 106.00 | 0 | 0 | 0.99 | 4.69 |
| Science - Physics | 0 | 1 | 2 | 0 | 0 | 129 | 129.00 | 0 | 0 | 0.36 | 2.19 |
| History - European | 0 | 0 | 0 | 0 | 0 | 0.00 | 0 | 0 | 0.00 | 0.00 |